Country Flags but Iran #1 - Statistics

General Stats
  • This quiz has been taken 20 times
  • The average score is 8 of 10
Answer Stats
Picture Answer % Correct
Israel
100%
Spain
95%
North Korea
90%
Saudi Arabia
90%
United States of America
85%
Latvia
70%
Thailand
70%
Nepal
60%
Laos
50%
Belarus
40%
No matching quizzes found
Score Distribution
Percent of People with Each Score
Percentile by Number Answered
Your Score History
You have not taken this quiz